000 01558cam a22004454i 4500
003 PE-LiUPU
005 20250731184545.0
008 150625s r 000 0 d
035 _a(Sirsi) a31164
035 _a(Sirsi) a31164
040 _aPE-LiUPU
_bspa
_cPE-LiUPU
_erda
082 0 4 _a909
_bW92
_221
100 1 _aWright, Esmond,
_eautor.
245 1 0 _aHistoria universal y de latinoamérica; cristianismo y feudalismo .
_n3.
264 1 _aBarcelona :
_bNauta,
_c1984.
300 _a199 páginas,
_c30 centímetros
336 _atext
_2rdacontent
337 _aunmediated
_2rdamedia
338 _avolume
_2rdacarrier
505 0 _aLa época Feudal. - Las fronteras de la cristiandad. - La alta edad media.
526 _aP136
526 _aP135
526 _aP134
526 _aP133
526 _aP144
526 _aP143
526 _aP87
526 _aP35
526 _aP20
526 _aP14
526 _aP10
526 _aP06
650 _aHistoria universal.
_92243
942 _2ddc
_cBOOK
949 _a909 W92 3
_wDEWEY
_c1
_i25783
_lRC
_mBUL
_r0
_sY
_tBOOK
_u2015-6-25
_xBIBLIOTECA
_zUNKNOWN
_0COMPRA
_o.CIRCNOTE. No olvidar cambiar la fecha de devolución!!!!!!!
_o.STAFF. Colección General
994 _aC0
_bPEPRU
596 _a1
999 _a909 W92 3
_wDEWEY
_c38688
_i25783
_d38688
_e2015-11-6
_f2022-6-6
_g4
_lCCODEBUL1
_mBUL
_n1
_r0
_sY
_tBOOK
_u2015-6-25
_xEDUCACION
_zUNKNOWN
_0COMPRA
_o.CIRCNOTE. No olvidar cambiar la fecha de devolución!!!!!!!
_o.STAFF. Colección General
980 _81
_gALBERTO SANCHEZ Responsable de Automatización